| 000 | 00926nam a2200241 a 4500 | ||
|---|---|---|---|
| 001 | 000045502 | ||
| 005 | 20201002052302.0 | ||
| 008 | 150410s2008 mx a 000 0 spa d | ||
| 020 | _a9789706139290 | ||
| 040 |
_aDO-SdBNP _bspa _cBNPHU |
||
| 082 |
_axxxx _bxxxx |
||
| 100 | 1 |
_aPampillo Baliño, Juan Pablo _973554 |
|
| 245 | 1 | 0 |
_aHistoria general del derecho / _cJuan Pablo Pampillo Baliño ; prólogo Emilio Suñé Llinás. |
| 260 |
_aMéxico : _bOxford University, _c2008. |
||
| 300 |
_axvi, 478 p. : _bil. ; _c23 cm. |
||
| 490 | 1 | _aTextos jurídicos universitarios | |
| 500 | _aIncluye índice onomástico | ||
| 504 | _aBibliografía : p. 436-455 | ||
| 500 | _aIncluye referencias bibliográficas y notas al pie de las páginas. | ||
| 500 | _aIncluye datos biográficos del autor en la solapa de la cubierta. | ||
| 700 | 1 | 2 |
_aSuñé Llinás, Emilio, _epról. _973555 |
| 830 | 0 |
_aTextos jurídicos universitarios _973556 |
|
| 999 |
_c44991 _d44991 |
||